Statistiques concernant Stats NBA 2023-2024

Cliquez ici pour prendre le quiz!

Statistiques générales

  • Ce quiz a été pris 114 fois
  • Le résultat moyen est 37 sur 60

Statistiques - réponses

CategorieNbrJoueur% Correct
Assits par match9.8Luka Doncic
98%
3pt par match4.1Luka Doncic
98%
Points par match33.9Luka Doncic
98%
Rebonds par match12.4Nikola Jokic
98%
Assits par match9.0Nikola Jokic
98%
Assits par match8.3Lebron James
95%
Points par match30.4Giannis Antetokounmpo
94%
Rebonds par match11.5Giannis Antetokounmpo
94%
3pt par match4.8Stephen Curry
93%
Rebonds par match11.0Joel Embiid
91%
Points par match34.7Joel Embiid
91%
Rebonds par match12.9Rudy Gobert
91%
Contres par match2.1Rudy Gobert
91%
Contres par match3.6Victor Wembanyama
91%
Rebonds par match10.6Victor Wembanyama
91%
Points par match29.9Jayson Tatum
90%
Rebonds par match12.6Anthony Davis
88%
Contres par match2.3Anthony Davis
88%
Interceptions par match2.0Shai Gilgeous Alexander
88%
Points par match30.1Shai Gilgeous Alexander
88%
Rebonds par match11.6Jalen Duren
85%
Assits par match8.5James Harden
84%
Assits par match10.9Tyrese Haliburton
84%
Points par match27.1Devin Booker
83%
Rebonds par match13.7Domantas Sabonis
80%
Assits par match8.2Domantas Sabonis
80%
Points par match26.6DeAaron Fox
78%
Interceptions par match2.0DeAaron Fox
78%
3pt par match3.3Paul George
77%
3pt par match3.2Trae Young
77%
Assits par match10.8Trae Young
77%
Interceptions par match1.6Kawhi Leonard
74%
Points par match28.7Jalen Brunson
72%
Interceptions par match1.8Donovan Mitchell
69%
3pt par match3.3Donovan Mitchell
69%
Points par match26.6Donovan Mitchell
69%
Points par match27.1Kevin Durant
68%
Contres par match2.3Chet Holmgren
63%
3pt par match3.5Klay Thompson
58%
Contres par match1.9Kristaps Porzingis
51%
Contres par match2.4Brook Lopez
43%
Assits par match8.1Ja Morant
38%
Assits par match8.0LaMelo Ball
36%
Interceptions par match1.8LaMelo Ball
36%
Rebonds par match11.0Jusuf Nurkic
32%
Contres par match1.9Myles Turner
30%
Assits par match8.1Fred VanVleet
23%
Contres par match2.4Walker Kessler
23%
3pt par match3.6CJ McCollum
20%
Contres par match2.1Daniel Gafford
19%
Rebonds par match11.1DeAndre Ayton
17%
Interceptions par match2.1Marcus Smart
17%
Contres par match2.1Nic Claxton
16%
3pt par match3.5Donte DiVincenzo
15%
Interceptions par match1.7Alex Caruso
12%
3pt par match3.4Anfernee Simons
7%
3pt par match3.3Desmond Bane
6%
Interceptions par match1.7Matisse Thybulle
5%
Interceptions par match1.6De'Anthony Melton
1%
Interceptions par match1.7Scottie Pippen Jr
0%

Distribution des résultats

Percentile par nombre de réponses

% des personnes avec chaque résultat

Votre développement - résultats

Vous n’avez pas pris ce quiz